000 00313nam a22001337a 4500
008 170601b xxu||||| |||| 00| 0 eng d
020 _a1578430348
041 _aeng
080 _a94(7/8)
100 _a17
101 _aSHH
245 _aTHE STORY OF BAPTISTS IN THE UNITED STATES
_cDURSO, P.R
942 _2udc
_cBK
999 _c15302
_d15302